| 000 | 00442nam a2200157Ia 4500 | ||
|---|---|---|---|
| 005 | 20250519150851.0 | ||
| 008 | 231217s9999 xx 000 0 und d | ||
| 020 | _a9780070590243 | ||
| 082 | _a658.4038 ODE;1 R | ||
| 100 | _aO'Dell, Carla. Leavitt, Paige. | ||
| 245 | 0 | _aExecutives role in knowledge management | |
| 260 |
_c2004 _bT M H _aNew Delhi |
||
| 300 | _avi, 129 | ||
| 650 | _aExecutives,role,knowledge,management | ||
| 942 | _cAA | ||
| 999 |
_c191637 _d191637 |
||